| 000 | 00750nam a2200253 a 4500 | ||
|---|---|---|---|
| 003 | MX-MxUPN | ||
| 005 | 20221118063901.0 | ||
| 008 | 220401s1941 mx a||||r|||| 000 0 spa d | ||
| 040 |
_aMX-MxUPN _bspa _cMX-MxUPN |
||
| 041 | 0 | _aspa | |
| 049 | _aLT | ||
| 050 | 4 |
_aLB1573 M6.1 _bD4.4 1941 |
|
| 100 | 1 |
_aDelgadillo, Daniel, _d1872-1933 _928068 |
|
| 245 | 1 | 0 |
_aLeo y escribo : _blibro primero / _cDaniel Delgadillo. |
| 250 | _a22a ed. | ||
| 260 |
_aMéxico : _bHerrero Hermanos Sucrs, _c1941. |
||
| 300 |
_a102 p. : _bil. |
||
| 490 | 0 | _aAprender a leer | |
| 650 | 4 |
_aLectura _xEstudio y enseñanza (Elemental) _92805 |
|
| 650 | 4 |
_aEscritura _xEstudio y enseñanza (Elemental) _92804 |
|
| 905 | _aLibro | ||
| 942 |
_2lcc _cLIBRO |
||
| 999 |
_c208344 _d208344 |
||